| 000 | 005450000a22001810004500 | ||
|---|---|---|---|
| 003 | MACL | ||
| 005 | 20160220130631.0 | ||
| 008 | 160220b xxu||||| |||| 00| 0 eng d | ||
| 040 |
_aMACL _cmacl |
||
| 041 | _aHindi | ||
| 082 | _a300 | ||
| 100 |
_aगांधी माहनदास करमचंद _939196 |
||
| 245 | _aवर्ण व्ंयवस्था | ||
| 260 |
_bनवजीवन प्रकाशन _c1948 _aअहमदाबाद |
||
| 350 | _a1.50 | ||
| 650 |
_aSociology _939197 |
||
| 942 |
_cHIN _k300 _2ddc |
||
| 999 |
_c23035 _d23035 |
||